000 00738nam a2200289Ia 4500
005 20260324115722.0
008 008 260324s9999 xx 000 0 eng d
020 _a9781003447917
037 _aEBOOK
040 _aCRL
040 _beng
040 _cCRL
041 _2eng
041 _aeng
084 _qCRL
100 _aPeter M. Magolda; Jeffrey F. Milem
_91155745
245 4 _aThe Lives of Campus Custodians
245 0 _bInsights into Corporatization and Civic Disengagement in the Academy
260 _bTaylor and Francis
260 _c2016
365 _a
365 _b230
856 _uhttp://www.taylorfrancis.com/books/9781003447917
942 _cEBOOK
999 _c1746823
_d1746823